000 00311nam a22001337a 4500
008 250514b |||||||| |||| 00| 0 eng d
020 _a0761949941
050 _aHD96
_b.F73
100 _aFrancis Cranny Anne
245 _aMultimedia
260 _aLondon
_bSage Publication
_c2005
300 _a190p.
942 _cBK
999 _c3485
_d3485